Countries Named After Rivers - Statistics

General Stats
  • This quiz has been taken 524 times
    509 since last reset
  • The average score is 7 of 15
Answer Stats
River Country % Correct
Congo D.R. Congo
87%
Congo Rep. of the Congo
86%
Niger Niger
80%
Niger Nigeria
59%
Indus India
56%
Zambezi Zambia
54%
Gambia Gambia
46%
Paraguay Paraguay
43%
Jordan Jordan
42%
Uruguay Uruguay
41%
Senegal Senegal
38%
Belize Belize
10%
Moldova Moldova
9%
Bosna Bosnia and Herzegovina
6%
Leitava Lithuania
3%
No matching quizzes found
Score Distribution
Percent of People with Each Score
Percentile by Number Answered
Your Score History
You have not taken this quiz since the last reset